Government `schedule of rates': working against rural labour (Record no. 69545)

000 -LEADER
fixed length control field 00881pab a2200193 454500
008 - FIXED-LENGTH DATA ELEMENTS--GENERAL INFORMATION
fixed length control field 180718b2006 xxu||||| |||| 00| 0 eng d
100 ## - MAIN ENTRY--PERSONAL NAME
Personal name Vijay Shankar, P.S. et al.
245 ## - TITLE STATEMENT
Title Government `schedule of rates': working against rural labour
260 ## - PUBLICATION, DISTRIBUTION, ETC.
Date of publication, distribution, etc. 2006
300 ## - PHYSICAL DESCRIPTION
Extent p.1616-619.
362 ## - DATES OF PUBLICATION AND/OR SEQUENTIAL DESIGNATION
Dates of publication and/or sequential designation 29 Apr
520 ## - SUMMARY, ETC.
Summary, etc. The schedule of rates that state governments currently use to value work done by labour employed in schemes needs to be substantially revised if the promise of the National Rural Employment Guarantee Scheme is to be realised. The schedules now have an inherent pro-contractor bias, encourage the use of machinery and make it virtually impossible for labourers to earn minimum wages. - Reproduced.
650 ## - SUBJECT ADDED ENTRY--TOPICAL TERM
Topical term or geographic name entry element Employment
650 ## - SUBJECT ADDED ENTRY--TOPICAL TERM
Topical term or geographic name entry element Wages
650 ## - SUBJECT ADDED ENTRY--TOPICAL TERM
Topical term or geographic name entry element Labour
650 ## - SUBJECT ADDED ENTRY--TOPICAL TERM
Topical term or geographic name entry element Minimum wage
773 ## - HOST ITEM ENTRY
Main entry heading Economic and Political Weekly
909 ## -
-- 69545
Holdings
Withdrawn status Lost status Damaged status Not for loan Permanent Location Current Location Date acquired Serial Enumeration / chronology Barcode Date last seen Price effective from Koha item type
        Indian Institute of Public Administration Indian Institute of Public Administration 2018-07-19 Volume no: 41, Issue no: 17 AR70001 2018-07-19 2018-07-19 Articles

Powered by Koha